| 000 | 00427nam a2200109Ia 4500 | ||
|---|---|---|---|
| 008 | 160909s9999 xx 000 0 und d | ||
| 100 | _aMann, Supreet | ||
| 245 | _aFrom Family to Friend: Family Communication Patterns and the Impact on Young Adults' Family Interaction via Facebook | ||
| 260 |
_bUniversity of the Pacific. _c2016 |
||
| 650 | _aMULTIMEDIA ARTS | ||
| 856 | _uhttp://pqdtopen.proquest.com/doc/1803233712.html?FMT=ABS | ||
| 999 |
_c304361 _d304361 |
||